Bank finance in the property sector : Debt mountain or mirage?
| Format: | Book |
|---|---|
| Published: |
London :
St. Quintin ,
1993
|
| Subjects: |
MARC
| LEADER | 00000cam a2200000 7i4500 | ||
|---|---|---|---|
| 001 | 0000004317 | ||
| 005 | 20240930.0 | ||
| 040 | |a INS | ||
| 090 | 0 | 0 | |a HG1709 1993 |
| 245 | 0 | 0 | |a Bank finance in the property sector : |b Debt mountain or mirage? |c St. Quintin Chartered Surveyors |
| 260 | |a London : |b St. Quintin , |c 1993 | ||
| 300 | |a 19 pgs. ; |c 30cm. | ||
| 650 | 0 | 0 | |a Property finance |
| 650 | 0 | 0 | |a Real estate business |x Finance |
| 650 | 0 | 0 | |a Real property |x Finance |
| 999 | |a 0000007226 |b BOOK |c Open Shelf |e Default branch | ||